Meditationes in singulas anni dominicas ex Evangelio petitae ex gallico R. P. Joannis Stephani Grossez, Societatis Jesu, in hispanum, et latinum semonem conversae

Detalles Bibliográficos
Autor principal: Grosez, Jean Etienne, S. J.
Formato: Libro
Publicado: Matriti : ex typographia D. Gabrielis Ramirez, 1753.
Materias:
Colección:Banco de datos
Acervo:Fondo Antiguo José Gutiérrez Casillas. S.J. de la Biblioteca Eusebio F. Kino. de la Provincia Mexicana de la Compañía de Jesús
Descripción Física:[2] h., 318 p. ; 8°
Tema general:Ascética
Notas:Portada tipográfica con plecas en grabado xilográfico. Portada en español: Meditaciones para cada uno de los domingos del año, sacadas del Evangelio: escritas en francès por el R. P. Juan Estevan Grosez, de la Compañia de Jesus. Y traducidas en castellano y Latin. En Madrid: en la Imprenta de D. Gabriel Ramirez, criado de la reyna viuda nuestra señora, calle de Atocha, frente la Trinidad Calzada. Año de 1753. Texto bilingüe a dos columnas con paginación en números arábigos, signaturas y reclamos. Encuadernación en cartón con lomo en piel. Ex libris manuscrito en la guarda anterior: "José D. Perez". Sello en tinta de José Severo Moreno
LEADER 01327nam a22001690004500
035 |a 3648 
041 0 |a lat ; spa 
100 1 |a Grosez, Jean Etienne, S. J. 
245 1 0 |a Meditationes in singulas anni dominicas ex Evangelio petitae ex gallico R. P. Joannis Stephani Grossez, Societatis Jesu, in hispanum, et latinum semonem conversae 
260 |a Matriti : ex typographia D. Gabrielis Ramirez, 1753. 
300 |a [2] h., 318 p. ; 8° 
500 |a Portada tipográfica con plecas en grabado xilográfico. Portada en español: Meditaciones para cada uno de los domingos del año, sacadas del Evangelio: escritas en francès por el R. P. Juan Estevan Grosez, de la Compañia de Jesus. Y traducidas en castellano y Latin. En Madrid: en la Imprenta de D. Gabriel Ramirez, criado de la reyna viuda nuestra señora, calle de Atocha, frente la Trinidad Calzada. Año de 1753. Texto bilingüe a dos columnas con paginación en números arábigos, signaturas y reclamos. Encuadernación en cartón con lomo en piel. Ex libris manuscrito en la guarda anterior: "José D. Perez". Sello en tinta de José Severo Moreno 
650 1 0 |a Ascética 
949 |a 24213 
942 |c KINO 
943 |g Fondo Antiguo José Gutiérrez Casillas. S.J. de la Biblioteca Eusebio F. Kino. de la Provincia Mexicana de la Compañía de Jesús 
999 |c 1096537  |d 1096537